MARC details
| 000 -CABECERA |
| campo de control de longitud fija |
00938nam a2200265 a 4500 |
| 001 - NÚMERO DE CONTROL |
| campo de control |
000045821 |
| 003 - IDENTIFICADOR DEL NÚMERO DE CONTROL |
| campo de control |
DO-SdBNP |
| 005 - FECHA Y HORA DE LA ÚLTIMA TRANSACCIÓN |
| campo de control |
20240307073949.0 |
| 008 - DATOS DE LONGITUD FIJA--INFORMACIÓN GENERAL |
| campo de control de longitud fija |
150515s2017 dr 000 0 spa d |
| 040 ## - FUENTE DE LA CATALOGACIÓN |
| Centro catalogador/agencia de origen |
DO-SdBNP |
| Lengua de catalogación |
spa |
| Centro/agencia transcriptor |
BNPHU |
| 082 ## - NÚMERO DE LA CLASIFICACIÓN DECIMAL DEWEY |
| Número de clasificación |
xxxx |
| Número de documento/Ítem |
U588 |
| 110 1# - ENTRADA PRINCIPAL--NOMBRE DE ENTIDAD CORPORATIVA |
| Nombre de entidad corporativa o nombre de jurisdicción como elemento de entrada |
Universidad Autónoma de Santo Domingo |
| 9 (RLIN) |
72951 |
| 245 10 - MENCIÓN DE TÍTULO |
| Título |
Libro de graduandos : |
| Resto del título |
investidura ordinaria de grado 25 de febrero de 2017 |
| 260 ## - PUBLICACIÓN, DISTRIBUCIÓN, ETC. |
| Lugar de publicación, distribución, etc. |
Santo Domingo : |
| Nombre del editor, distribuidor, etc. |
Universitaria-UASD, |
| Fecha de publicación, distribución, etc. |
2017. |
| 300 ## - DESCRIPCIÓN FÍSICA |
| Extensión |
128 p. : |
| Dimensiones |
28 cm. |
| Otras características físicas |
il. ; |
| 490 1# - MENCIÓN DE SERIE |
| Mención de serie |
Publicaciones de la Universidad Autónoma de Santo Domingo |
| Designación de volumen o secuencia |
478 |
| 490 1# - MENCIÓN DE SERIE |
| Mención de serie |
Actos académicos |
| Designación de volumen o secuencia |
5 |
| 590 ## - NOTA LOCAL (RLIN) |
| Nota local |
Inventariado, 2022 / DG |
| 650 #4 - PUNTO DE ACCESO ADICIONAL DE MATERIA--TÉRMINO DE MATERIA |
| Término de materia o nombre geográfico como elemento de entrada |
TITULOS ACADEMICOS |
| 9 (RLIN) |
81657 |
| 650 #4 - PUNTO DE ACCESO ADICIONAL DE MATERIA--TÉRMINO DE MATERIA |
| Término de materia o nombre geográfico como elemento de entrada |
Universidad Autónoma de Santo Domingo |
| 9 (RLIN) |
81917 |
| 830 #0 - PUNTO DE ACCESO ADICIONAL DE SERIE-TÍTULO UNIFORME |
| Título uniforme |
Publicaciones de la Universidad Autónoma de Santo Domingo. |
| Número de parte o sección de la obra |
478 |
| 9 (RLIN) |
73896 |
| 830 #0 - PUNTO DE ACCESO ADICIONAL DE SERIE-TÍTULO UNIFORME |
| Título uniforme |
Actos académicos. |
| Número de parte o sección de la obra |
5 |
| 9 (RLIN) |
73897 |
| 910 ## - DATOS DE OPCIÓN DEL USUARIO (OCLC) |
| Datos de opción del usuario |
DG |
| 942 ## - ELEMENTOS DE PUNTO DE ACCESO ADICIONAL (KOHA) |
| Fuente del sistema de clasificación o colocación |
Dewey Decimal Classification |
| Tipo de ítem Koha |
Libro |